000
00253nam a2200097Ia 4500
005
20251222114400.0
008
251222s1900||||xx |||||||||||||| ||spa||
082
_a
DVD0070/T16/1988/Ej.3
245
0
_a
La tumba de las luciƩrnagas:Hotaru no Haka
942
_c
DVD
999
_c
1612
_d
1612